| 000 | 00935cam a2200313 a 4500 | ||
|---|---|---|---|
| 001 | 3431584 | ||
| 003 | OSt | ||
| 005 | 20140310184437.0 | ||
| 008 | 910225s1992 nyu j 000 1 eng | ||
| 010 | _a 91009796 | ||
| 020 | _a0590444794 | ||
| 020 | _a9780590444798 | ||
| 040 |
_aDLC _cDLC _dDLC |
||
| 042 | _alcac | ||
| 050 | 0 | 0 |
_aPZ 7 _b.C7834 1993 |
| 100 | 1 |
_aCooney, Caroline B. _919795 |
|
| 245 | 1 | 0 |
_aFlight #116 is down / _cCaroline B. Cooney. |
| 260 |
_aNew York : _bScholastic Inc., _c1993. |
||
| 300 |
_a201 p. : _c18 cm. |
||
| 521 | _aG5 | ||
| 526 | _c710 | ||
| 650 | 1 |
_aAircraft accidents _xFiction. _927272 |
|
| 906 |
_a7 _bcbc _corignew _d1 _eocip _f19 _gy-gencatlg |
||
| 942 |
_2lcc _cBK-SCHOLAS |
||
| 999 |
_c34405 _d34405 |
||